000
00222nam a22000857a 4500
008
170606b xxu||||| |||| 00| 0 eng d
100
_9
3297
_a
Dutta. S
245
_a
The Sun Fairies
260
_a
New Delhi
_b
National Book Trust
_c
2004
999
_c
6614
_d
6614